[Event "Tilburg Fontys"]
[Site "Tilburg"]
[Date "1997.10.14"]
[Round "8"]
[White "Kramnik, Vladimir"]
[Black "Leko, Peter"]
[Result "1/2-1/2"]
[WhiteElo "2770"]
[BlackElo "2635"]
[PlyCount "107"]
[EventDate "1997.09.27"]
[Source "ChessBase"]
[SourceDate "1997.11.23"]

1. Nf3 {A30: Symmetrical English: Double Fianchetto and Hedgehog} 1... Nf6 2.
c4 c5 3. Nc3 e6 4. g3 b6 5. Bg2 Bb7 6. O-O Be7 7. Re1 d6 8. e4 a6 9. d4 cxd4
10. Nxd4 Qc7 11. f4 O-O 12. Be3 Nc6 13. Rc1 Nxd4 14. Bxd4 Rac8 15. b3 Rfe8 16.
a4 Nd7 17. Rc2 Bf8 18. Rd2 Nb8 19. Bf2 Bc6 20. g4 Qb7 21. Bf1 21... Nd7 {
last book move} 22. g5 {This push gains space} 22... Nc5 {
The pressure on e4 grows} 23. Bg2 b5 24. axb5 axb5 25. b4 Na6 26. cxb5 26...
Bxb5 {The passed pawn on b4 will quickly become a dangerous weapon} 27. Nxb5
Qxb5 28. Bf1 Qb7 29. b5 Nc5 30. Qf3 Red8 31. f5 {White gains space} 31... d5
32. exd5 exd5 (32... Rxd5 33. Rxd5 exd5 34. Bxc5 34... Rxc5 $11) 33. Bd4 (33.
Qd1 $5 $14 {is worthy of consideration}) 33... Ne4 $17 {A beautiful square!}
34. Rg2 Bc5 35. Qe3 Bxd4 36. Qxd4 36... Nd6 {
Exerts pressure on the isolated pawn} 37. g6 Nxf5 38. gxh7+ Kh8 39. Qf4 g6 (
39... Qa7+ 40. Kh1 g6 41. Bd3 $15) 40. Bd3 $11 40... Qb6+ 41. Rf2 Qf6 42. Re5
Rc1+ 43. Kg2 {With the decisive threat Rxf5} 43... Nh4+ (43... Qg7 44. Qxc1
Qxe5 45. Bxf5 gxf5 46. Qg5 $11) 44. Kh3 $14 {Threatening mate... how?} 44...
Qxf4 45. Rxf4 Rc3 46. Kxh4 {White threatens Rd4} (46. Rxf7 $4 {
the pawn of course cannot be captured} 46... Nf5 47. Rf6 Rxd3+ 48. Kg4 48...
Rd2 $19) 46... Rxd3 47. Rxf7 Rb3 (47... d4 48. Rfe7 Rf3 49. b6 $14) 48. Rb7 d4
49. Kg5 d3 50. Kxg6 (50. Rbe7 50... Rb2 $14) 50... Rxb5 51. Rbxb5 {
Threatening mate: Rb6} (51. Rexb5 d2) 51... d2 52. Rbd5 d1=Q 53. Rxd1 53...
Rd6+ {A double attack} 54. Rxd6 1/2-1/2

[Event "Linares"]
[Site "?"]
[Date "1997.??.??"]
[Round "?"]
[White "Topalov, V."]
[Black "Kramnik, V."]
[Result "0-1"]
[WhiteElo "2725"]
[BlackElo "2740"]
[PlyCount "66"]
[EventDate "1997.??.??"]

1. d4 {D43: Semi-Slav: 5 Bg5 h6} 1... d5 2. c4 c6 3. Nf3 Nf6 4. Nc3 e6 5. g3
Nbd7 6. Bg2 dxc4 7. a4 Be7 8. O-O O-O 9. e4 e5 10. dxe5 10... Ng4 {
Manoeuvre Nf6-g4-e5-d3} 11. Bf4 Qa5 12. e6 fxe6 13. Qe2 Nge5 14. Nd4 14... Nd3
{Menacing} (14... Nb6 15. Bh3 $15) 15. Nxe6 Rf6 (15... Rf7 16. Qc2 $15) 16. Bc7
(16. Nc7 $5 {should not be overlooked} 16... Rb8 17. N7d5 cxd5 18. Bxb8 Nxb8
19. Nxd5 $11) 16... Qb4 $17 {Threatens Rxe6} 17. Nd4 Bc5 18. Nc2 (18. Nf3 Qxb2
19. Qxb2 19... Nxb2 $17) 18... Qxb2 19. Nd1 Qb3 20. Nde3 N7e5 21. h3 Be6 22.
Kh2 Rh6 23. Rab1 Bg4 24. Nxg4 Nxg4+ 25. Qxg4 {
White threatens to counter with Rxb3} 25... Qxc2 26. Qg5 $2 (26. Bf4 26... Nxf4
27. Qxf4 $17) 26... Nxf2 $19 27. Rxf2 (27. h4 b6 28. a5 28... Rg6 $19) 27...
Qxf2 (27... Bxf2 {makes it even easier for Black} 28. Qc1 Qxc1 29. Rxc1 $19)
28. Rf1 (28. Be5 Rg6 29. Qc1 29... Qf7 $19) 28... Qd4 (28... Rg6 $5 {
keeps an even firmer grip} 29. Qe5 Qe3 30. Bb8 $19) 29. Be5 Qd7 30. Qc1 $6 {
puts up no strong fight} (30. Bxg7 Bg1+ 31. Rxg1 31... Qxg7 $19) 30... Qe6 (
30... b5 31. Bf4 Rg6 32. e5 $19) 31. Bxg7 {Demolishes the pawn shield} 31...
Kxg7 {Decoy theme: g7} 32. Qg5+ {Theme: Double Attack} 32... Rg6 33. Qxc5 33...
Qd6 {Threatening mate... how?} (33... Qd6 34. Qe3 34... Rd8 $19) 0-1

[Event "Linares"]
[Site "Linares"]
[Date "1998.??.??"]
[Round "8"]
[White "Ivanchuk, Vassily"]
[Black "Kramnik, Vladimir"]
[Result "1/2-1/2"]
[WhiteElo "2740"]
[BlackElo "2790"]
[PlyCount "148"]
[EventDate "1998.02.22"]
[Source "ChessBase"]
[SourceDate "1998.06.15"]

1. e4 {B57: Classical Sicilian: Sozin with 6...Qb6} 1... c5 2. Nf3 Nc6 3. d4
cxd4 4. Nxd4 Nf6 5. Nc3 d6 6. Bc4 Qb6 7. Ndb5 a6 8. Be3 Qd8 9. Nd4 Ng4 10. Nxc6
bxc6 11. Qf3 Ne5 12. Qe2 e6 13. O-O-O Be7 14. Bd4 Qc7 15. Bxe5 dxe5 16. Na4 {
last book move} 16... O-O 17. Rd3 Qa5 18. b3 Rb8 19. Qd2 Qxd2+ 20. Kxd2 g6 (
20... f5 21. exf5 Rxf5 22. Ke2 $11) 21. Rd1 Kg7 (21... f5 22. Nc3 $11) 22. Ke2
a5 23. Rc3 Bb4 24. Rcd3 Be7 25. g3 {Consolidates h4} 25... h5 26. h4 f5 27. Rc3
Bb4 28. Re3 Kf6 29. f4 exf4 30. e5+ 30... Kf7 {
If Black now would get fxe3 in, he might survive} 31. gxf4 Be7 32. Red3 Bxh4 (
32... Rg8 33. Rh1 $14) 33. Nc5 (33. Rd6 Bg3 34. Kf3 34... h4 $16) 33... Be7 $14
34. Rd6 {Increases the pressure on e6} (34. Nd7 Bxd7 35. Rxd7 35... Rfd8 $11)
34... Bxd6 35. exd6 Rd8 (35... Bb7 36. Nxe6 Rh8 37. Nc5+ Ke8 38. Kf2 $16) 36.
d7 $14 {White threatens.... what?} 36... Ke7 37. dxc8=N+ Rbxc8 38. Rxd8 (38.
Rg1 38... Kf6 $14) 38... Rxd8 39. Nxe6 ({Weaker is} 39. Bxe6 39... h4 40. Bc4
40... h3 $17) 39... Rh8 40. Ng5 h4 41. Nh3 Kf6 42. Kf2 Rd8 43. Bd3 a4 44. Ng5
a3 (44... axb3 45. axb3 Rd4 46. Ke3 $14) 45. Nf3 $16 45... c5 (45... Rh8 46.
Kg2 $16) 46. Ng5 (46. Nxh4 $5 46... Rh8 47. Nf3 $16) 46... Rd4 $14 47. Kf3 Rd7
48. Ke3 Rd8 49. Nf3 Re8+ 50. Kf2 50... Rd8 $2 (50... h3 $5 $11 {
should be considered}) 51. Nxh4 $16 51... c4 (51... Rh8 $5 52. Nf3 52... Rh1
$16) 52. bxc4 $18 52... Rb8 53. c5 Rb2 (53... Rc8 54. Nf3 Rxc5 55. Nd4 $18) 54.
c6 (54. Kf3 Rxa2 55. c6 Ke7 56. Nxg6+ 56... Kd8 $11) 54... Ke7 55. Nxg6+ Kd6
56. Ne5 (56. Nh4 Rxa2 57. Nxf5+ (57. Bxf5 57... Rxc2+ 58. Bxc2 58... a2 $15)
57... Kxc6 58. Nd4+ Kd5 59. Nb5 $11) 56... Rxa2 $11 57. Nc4+ Kc7 58. Kg3 Ra1
59. Nxa3 (59. Bxf5 $4 {the pawn is something White will choke on} 59... a2 60.
Kf2 60... Rd1 $19) 59... Rxa3 60. Kh4 Kxc6 61. Kg5 {
The white king gets dangerous} 61... Ra5 62. Bxf5 Kd6 63. Kg4 Ke7 64. Bd3 Rc5
65. Kf3 Kd6 66. Ke4 Rh5 67. c4 Rh4 68. Kf5 {White activates its king} 68... Kc5
69. Ke5 Rh3 70. Ke4 Rh4 71. Be2 Rh2 72. Kf3 (72. Bd3 72... Rh8 $11) 72... Kd4
$15 {Active king in the endgame} 73. Bf1 Rh1 74. Kf2 Rh8 1/2-1/2

[Event "Beograd "]
[Site "?"]
[Date "1999.??.??"]
[Round "?"]
[White "Shirov, Alexei"]
[Black "Kramnik, Vladimir"]
[Result "1-0"]
[WhiteElo "2726"]
[BlackElo "2751"]
[PlyCount "127"]
[EventDate "1999.??.??"]
[SourceDate "1999.11.03"]

1. e4 {C42: Petroff Defence: 3 Nxe5 and unusual White 3rd moves} 1... e5 2. Nf3
Nf6 3. Nxe5 d6 4. Nf3 Nxe4 5. d4 d5 6. Bd3 Nc6 7. O-O Be7 8. Re1 Bg4 9. c3 f5
10. Qb3 O-O 11. Nbd2 Na5 12. Qa4 Nc6 13. Bb5 Bh4 (13... Bxf3 14. Nxf3 Qd6 15.
Bxc6 Qxc6 16. Qxc6 bxc6 17. Ne5 $16) 14. g3 $16 14... Bf6 15. Bxc6 bxc6 16.
Qxc6 Re8 17. Ne5 {With the idea Nxe4} 17... Bxe5 18. dxe5 Ng5 (18... Rxe5 $5
19. Nxe4 19... fxe4 $16) 19. f4 $18 19... Re6 20. Qc5 Ne4 21. Nxe4 dxe4 22. Be3
a6 23. Qc4 Qd7 24. Rac1 Rd8 25. Rc2 Qf7 26. Rd2 {Threatening mate... how?}
26... Rxd2 27. Bxd2 Rb6 28. Qxf7+ Kxf7 29. b4 Rc6 30. Kf2 Rh6 31. h4 Rc6 32.
Ke3 Bh5 33. Kd4 Ke7 34. c4 Bf7 35. Rc1 Rb6 36. Kc5 Be8 37. Be3 Rc6+ 38. Kd5 Rg6
39. Bc5+ Kd7 40. Rc3 (40. Bf2 Bf7+ 41. Kd4 41... Rb6 $16) 40... Bf7+ 41. Kd4 h6
42. a4 Rg4 43. b5 axb5 44. a5 (44. cxb5 g5 45. hxg5 hxg5 46. fxg5 e3+ 47. Kxe3
Rxg3+ 48. Kd2 48... Rxg5 $16) 44... e3 (44... bxc4 $5 {is worth consideration}
45. a6 45... Kc8 $14) 45. Rxe3 $16 45... g5 (45... bxc4 $4 {
A poison bait which should not be taken} 46. e6+ $1 {Theme: Double Attack}
46... Bxe6 47. a6 $18) (45... Bxc4 $4 {the pawn is indigestible} 46. e6+ $1 {
Theme: Clearance for e3-e6} 46... Bxe6 47. a6 $18) 46. e6+ Bxe6 47. cxb5 gxf4
48. gxf4 Rxf4+ (48... Rxh4 $2 {would be great except for} 49. Ke5 Bc4 50. a6
$18) 49. Ke5 Rc4 50. Rd3+ Kc8 51. Kxe6 Rxc5 52. Rd5 {
Do you see the mate threat?} 52... Rc4 53. Rxf5 Re4+ 54. Kd5 {
Threatening mate: Kxe4} 54... Rxh4 55. a6 55... Ra4 $2 (55... Kb8 56. Rf8+ Ka7
57. Rc8 c6+ 58. bxc6 $18 (58. Rxc6 58... Rh5+ 59. Kc4 Rh4+ 60. Kc5 Rh5+ 61. Kb4
Rh1 62. Rc7+ Kb8 63. Rb7+ 63... Kc8 $18)) 56. Rf8+ Kd7 57. Rf7+ (57. b6 {
and White can already relax} 57... c6+ 58. Ke5 Ra5+ 59. Kf6 Rxa6 60. b7 $18)
57... Kc8 58. Rf8+ $4 {White has let it slip away} (58. Kc5 Ra1 59. Rf8+ Kd7
60. b6 cxb6+ 61. Kxb6 $18) 58... Kd7 59. Ra8 (59. b6 {
and the rest is a matter of technique} 59... c6+ 60. Ke5 Ra5+ 61. Kf6 61...
Rxa6 $18) 59... Ra1 60. a7 Rd1+ 61. Ke4 Re1+ 62. Kf3 Ra1 63. b6 $1 {
Demolishes the pawn shield} 63... cxb6 64. Rh8 (64. Rh8 b5 65. a8=Q Rxa8 66.
Rxa8 $18) 1-0

[Event "Braingames WCC"]
[Site "London ENG"]
[Date "2000.10.12"]
[Round "3"]
[White "Kasparov, G."]
[Black "Kramnik, V."]
[Result "1/2-1/2"]
[WhiteElo "2849"]
[BlackElo "2770"]
[PlyCount "106"]
[EventDate "2000.10.08"]

1. e4 {C67: Ruy Lopez: Berlin Defence: 4 0-0 Nxe4} 1... e5 2. Nf3 Nc6 3. Bb5
Nf6 4. O-O Nxe4 5. d4 Nd6 6. Bxc6 dxc6 7. dxe5 Nf5 8. Qxd8+ Kxd8 9. Nc3 Bd7 10.
b3 h6 11. Bb2 Kc8 12. Rad1 b6 13. Ne2 c5 14. c4 Bc6 15. Nf4 Kb7 (15... Bxf3 16.
gxf3 Be7 17. Rfe1 $11) 16. Nd5 $14 16... Ne7 17. Rfe1 Rg8 18. Nf4 g5 19. Nh5
Rg6 20. Nf6 (20. Rd3 20... Re6 $14) 20... Bg7 $11 21. Rd3 Bxf3 22. Rxf3 Bxf6
23. exf6 Nc6 24. Rd3 Rf8 25. Re4 Kc8 26. f4 gxf4 27. Rxf4 Re8 28. Bc3 Re2 (
28... Nb4 29. Rd2 $11) 29. Rf2 $14 29... Re4 30. Rh3 a5 31. Rh5 a4 32. bxa4
Rxc4 33. Bd2 Rxa4 34. Rxh6 Rg8 (34... Rxh6 35. Bxh6 Re4 36. Kf1 $11) 35. Rh7
Rxa2 36. Rxf7 Ne5 37. Rg7 Rf8 38. h3 {Consolidates g4} (38. Bg5 Rxf2 39. Kxf2
Ng4+ 40. Ke2 40... Nxf6 $11 (40... Nxh2 $2 {doesn't work because of} 41. Bf4
Rxf6 42. Bxh2 $18)) 38... c4 (38... Nd3 $5 39. f7 39... Kd7 $15 (39... Nxf2 40.
Rg8 Kd7 41. Rxf8 $18)) 39. Re7 Nd3 40. f7 Nxf2 41. Re8+ Kd7 42. Rxf8 Ke7 (42...
Rxd2 $4 {Black cannot capture the bishop} 43. Re8 Rd6 44. f8=Q $18 (44. Kxf2 {
is a weaker possibility} 44... Rf6+ 45. Ke3 45... Rxf7 $17)) 43. Rc8 {
Threatening mate: f8Q} 43... Kxf7 44. Rxc7+ Ke6 45. Be3 Nd1 46. Bxb6 c3 47. h4
(47. Kf1 47... Rc2 $16) 47... Ra6 (47... c2 48. Kh2 $14) 48. Bd4 $16 48... Ra4
49. Bxc3 Nxc3 (49... Rxh4 50. Kf1 $16) 50. Rxc3 Rxh4 51. Rf3 Rh5 52. Kf2 Rg5
53. Rf8 Ke5 1/2-1/2

[Event "SuperGM"]
[Site "Dortmund GER"]
[Date "2000.07.15"]
[Round "8"]
[White "Kramnik, V."]
[Black "Huebner, R."]
[Result "1-0"]
[WhiteElo "2770"]
[BlackElo "2615"]
[PlyCount "53"]
[EventDate "2000.07.07"]

1. d4 {D27: Queen's Gambit Accepted: Classical main line: 7 e4!? and 7 a4} 1...
d5 2. Nf3 Nf6 3. c4 dxc4 4. e3 e6 5. Bxc4 c5 6. O-O a6 7. Bb3 cxd4 8. exd4 Nc6
9. Nc3 Be7 10. Re1 O-O 11. h4 Na5 12. Bc2 b5 13. Qd3 Bb7 14. h5 Bxf3 15. Qxf3
Qxd4 16. Bf4 (16. h6 16... Nc4 $11) 16... b4 17. Rad1 Qc4 18. Bd3 Qc6 19. Ne4
Nd5 20. Be5 f5 (20... f6 21. Bg3 f5 22. Nd2 $11) 21. Qg3 {
Do you see the mate threat?} 21... Rf7 22. Nd2 Nb7 23. Nf3 Nc5 24. Nd4 Qb6 (
24... Qc8 $5 $14 {is an interesting idea}) 25. Nxf5 $16 25... exf5 $2 (25...
Rxf5 26. Bxf5) 26. Bc4 $18 {Discovered attack} 26... Nf6 $4 {
leading to a quick end} (26... Ne6 27. Bxd5 27... Rd8 $18) 27. Bc7 (27. Bc7 f4
28. Bxf7+ Kh8 29. Qxf4 $18) 1-0

[Event "Corus"]
[Site "Wijk aan Zee"]
[Date "2001.01.27"]
[Round "12"]
[White "Shirov, Alexei"]
[Black "Kramnik, Vladimir"]
[Result "0-1"]
[WhiteElo "2718"]
[BlackElo "2772"]
[PlyCount "106"]
[EventDate "2001.01.13"]

1. e4 {B12: Caro-Kann: Advance Variation} 1... c6 2. d4 d5 3. e5 c5 4. dxc5 e6
5. Bf4 Bxc5 6. Bd3 Nc6 7. Nf3 f6 8. Nbd2 fxe5 9. Bxe5 Nf6 10. Qe2 O-O 11. O-O-O
a5 12. Nb3 Bd6 13. Kb1 Bxe5 14. Nxe5 {A sound move} 14... a4 15. Nc1 (15. Nxc6
bxc6 16. Nd4 16... Qb6 $17) 15... a3 16. b3 Qa5 17. c4 dxc4 (17... Nxe5 $5 18.
Qxe5 dxc4 19. Qxa5 Rxa5 20. Bxc4 20... b5 $17) 18. Nxc4 $15 18... Qc7 19. Rhe1
$2 (19. Nd6 $1 $15 {and White could well hope to play on}) 19... Nd5 $19 20.
Qd2 Ncb4 21. Ne2 Rxf2 22. Be4 b5 23. Qd4 23... Rxe2 $1 {here's the full point}
24. Rxe2 bxc4 25. Bxd5 Nxd5 26. bxc4 Ba6 27. Rc1 Nf4 28. Rd2 28... e5 {
Do you see the mate threat?} 29. Qe3 Bxc4 30. Ka1 Qf7 (30... Rb8 {
makes it even easier for Black} 31. Qc3 Rc8 32. Qb4 $19) 31. g3 Nd3 32. Rxd3
Bxd3 33. Qxd3 h6 (33... e4 $5 34. Qb3 $19) 34. Qb3 Qxb3 35. axb3 Kf7 36. Rc6 (
36. Ka2 36... Ke6 $17) 36... a2 (36... e4 37. Rc4 Re8 38. Ka2 $19) 37. h4 (37.
b4 $5 $17) 37... Ra3 38. b4 e4 (38... Rxg3 39. b5 39... Rh3 $15) 39. Rc4 e3 40.
Re4 Kf6 41. g4 (41. b5 Kf5 42. Re8 42... Kg4 $19) 41... h5 42. gxh5 42... Kf5 {
Threatening mate... how?} 43. Re7 Kf4 44. b5 Rb3 45. Rf7+ Ke4 46. Re7+ Kd3 47.
Rd7+ 47... Kc2 {Threatening mate: Rd3} 48. Rc7+ (48. Re7 {doesn't do any good}
48... Kd2 (48... Rxb5 $6 {is clearly inferior} 49. Rxe3 Rxh5 50. Rg3 $15) 49.
Kxa2 Rxb5 50. Rd7+ Ke1 51. Rxg7 51... Rxh5 $19) 48... Kd2 (48... Rc3 49. b6 e2
50. Rxc3+ Kxc3 51. b7 e1=Q+ 52. Kxa2 Qe2+ 53. Ka3 Qa6#) 49. Kxa2 $19 49... Rxb5
50. Rxg7 (50. Rd7+ {there is nothing better in the position} 50... Ke1 51. Rxg7
Rxh5 52. Kb3 $19) 50... e2 51. Rd7+ Kc2 52. Rc7+ Kd3 53. Re7 (53. Rc1 {
does not help much} 53... Rxh5 54. Kb2 Rxh4 55. Rc3+ Kd2 56. Rc2+ Ke1 57. Rc1+
57... Kf2 $19) 53... Rxh5 (53... Rxh5 54. Kb2 Rxh4 55. Rd7+ Ke3 56. Rd5 e1=Q
57. Re5+ Re4 58. Rxe4+ Kxe4 59. Kb3 Kd3 60. Kb2 Qb4+ 61. Ka1 Kc3 62. Ka2 Qb2#)
0-1

[Event "It"]
[Site "Astana KAZ"]
[Date "2001.05.28"]
[Round "7"]
[White "Kramnik, V."]
[Black "Sadvakasov, D."]
[Result "1-0"]
[WhiteElo "2797"]
[BlackElo "2585"]
[PlyCount "41"]
[EventDate "2001.05.20"]
[Source "Mark Crowther"]
[SourceDate "2001.05.28"]

1. d4 {D27: Queen's Gambit Accepted: Classical main line: 7 e4!? and 7 a4} 1...
d5 2. c4 dxc4 3. Nf3 Nf6 4. e3 e6 5. Bxc4 c5 6. O-O a6 7. a4 Nc6 8. Qe2 Qc7 9.
Rd1 Bd6 10. dxc5 Bxc5 11. b3 O-O 12. Bb2 e5 13. Nc3 e4 14. Ng5 Bd6 (14... Bf5
15. Nd5 Nxd5 16. Bxd5 $14) 15. Nd5 Nxd5 16. Rxd5 {With the decisive threat Qh5}
16... Bxh2+ 17. Kh1 {The mate threat is Qh5} 17... Be5 18. Qh5 18... Bf5 $2 (
18... h6 19. Nxf7 $1 {Demolition of pawn structure} 19... Rxf7 20. Rxe5 Nxe5
21. Bxe5 21... Qe7 $16) 19. Nxf7 $18 {Demolition of pawn structure} 19... Rxf7
(19... Qxf7 {Theme: Deflection from e5} 20. Rxe5) 20. Qxf5 $3 {
Annihilates a defender: f5. Eliminates the defender f5} 20... g6 (20... Rxf5
21. Rd8# {Theme: Double Attack}) 21. Bxe5 (21. Bxe5 gxf5 22. Bxc7 $18) 1-0

[Event "Sparkassen Cat XXI"]
[Site "Dortmund GER"]
[Date "2001.07.15"]
[Round "4"]
[White "Kramnik, V."]
[Black "Morozevich, A."]
[Result "1-0"]
[WhiteElo "2802"]
[BlackElo "2749"]
[PlyCount "75"]
[EventDate "2001.07.12"]

1. d4 {D12: Slav Defence: 3 Nf3 Nf6 4 e3 Bf5} 1... d5 2. c4 c6 3. Nf3 Nf6 4. e3
Bf5 5. Nc3 5... a6 {Covers b5} 6. Bd3 Bxd3 7. Qxd3 e6 8. O-O (8. e4 Bb4 9. e5
Bxc3+ 10. bxc3 10... Ne4 $15) 8... Be7 (8... Bb4 9. Bd2 Bxc3 10. bxc3 $15) 9.
e4 $14 9... O-O 10. Rd1 b5 11. c5 {White gets more space} (11. cxd5 cxd5 12. e5
12... Nfd7 $11) 11... dxe4 12. Nxe4 Nxe4 13. Qxe4 Qd5 14. Qxd5 cxd5 15. Bf4 Nc6
16. Ne5 Nb8 17. Rd3 Rc8 18. Re1 Bf6 19. Ng4 19... Nc6 {Blocks the pawn on c5}
20. Nxf6+ gxf6 21. Bg3 Kg7 22. Bh4 Ne7 23. g4 Ng6 24. Bg3 a5 25. Bd6 h5 26.
gxh5 {The passed pawn on h5 will become decisive later} 26... Nh4 27. Rg3+ (27.
Kh1 Nf5 28. Rg1+ 28... Kh7 $14) 27... Kh6 $11 28. Be7 (28. Bf4+ $5 {
is worthy of consideration} 28... Kxh5 29. f3 $11) 28... Nf5 $17 29. Bxf6 Nxg3
30. fxg3 Rg8 31. Kg2 Kxh5 32. h3 Kg6 33. Rf1 Kh7 34. g4 b4 35. Kg3 b3 (35... a4
36. h4 $11) 36. a3 (36. axb3 Rgb8 37. Rf3 a4 38. bxa4 38... Rxb2 $14) 36...
Rac8 (36... a4 37. h4 $11) 37. h4 (37. a4 37... Rgf8 $14) 37... Rg6 38. h5 (38.
h5 Rgg8 39. g5 $16) 1-0